Random Hebrew to English Translations - Statistics

General Stats
  • This quiz has been taken 205 times
  • The average score is 5 of 15
Answer Stats
בעברית English Translation % Correct
היי hi
82%
מספיק enough
66%
די enough
66%
טוב ok
58%
אלגוריתם algorithm
48%
אז so
45%
מליון וחצי a million and a half
38%
מבולבל confused
34%
קוד בינארי binary code
29%
יובל yuval
19%
נו באמת seriously
18%
בייייי byeeee
17%
צאי chai
3%
מה לעשות what can you do
3%
להעניק to bequeath
1%
No matching quizzes found
Score Distribution
Percent of People with Each Score
Percentile by Number Answered
Your Score History
You have not taken this quiz